[Event "MTV Ingolstadt 1-SK Freising 1"]
[Site "?"]
[Date "2024.10.06"]
[Round "1.1"]
[White "Trapp, Maximilian"]
[Black "Lechermann, Markus"]
[Result "0-1"]
[WhiteElo "2168"]
[BlackElo "2093"]
[Annotator "Stockfish 17"]
[PlyCount "88"]
[EventDate "2024.??.??"]
[WhiteTeam "SK Freising 1"]
[BlackTeam "MTV Ingolstadt 1"]

{[%evp 14,88,-38,-37,-35,-38,-6,-9,-10,-14,-12,-10,-13,-21,-26,-18,2,-4,6,-41,
-45,-132,-131,-192,-181,-219,-211,-278,-281,-246,-223,-303,-293,-347,-336,-320,
-326,-320,-250,-309,-299,-304,-278,-407,-348,-427,-427,-427,-418,-401,-400,
-400,-403,-401,-398,-377,-357,-735,-744,-716,-705,-680,-622,-624,-622,-623,
-620,-621,-609,-897,-614,-611,-603,-851,-606,-601,-602]} 1. d4 Nf6 2. Nf3 g6 3.
c4 Bg7 4. Nc3 O-O 5. b3 $6 (5. e4 d6 6. h3 $14) 5... c5 6. e3 cxd4 7. exd4 d5
8. Be2 Nc6 9. O-O Bg4 10. Be3 Ne4 $11 11. Rc1 Nxc3 12. Rxc3 Qa5 13. Rc2 Rad8
14. Rd2 Rfe8 15. h3 Bf5 16. cxd5 Nb4 17. d6 $2 (17. Qe1 $15 Nxd5 18. Bc4 Nxe3
19. Qxe3 $15) 17... exd6 $17 18. Bg5 $2 {[#]} (18. Rb2 Nd5 19. b4 $17) 18...
Rc8 $1 $19 19. a4 Nd5 20. Bd3 Nc3 {Schwarz steht auf Gewinn} 21. Qa1 Ne4 (21...
Be4 $1) 22. Bxe4 Bxe4 23. Bf4 Bxf3 24. gxf3 Qf5 25. Bg3 Qxh3 26. Qd1 d5 27. Re1
h5 28. Be5 (28. Rxe8+ $142 Rxe8 29. Rd3) 28... Qf5 29. f4 f6 30. Bd6 Rxe1+ 31.
Qxe1 Qg4+ 32. Kf1 Qh3+ 33. Kg1 Qg4+ 34. Kf1 Rc3 $1 {[#] Weiss muss nun ...Th3
beachten.} 35. Qe8+ $2 (35. Qd1 Qe6 36. Bb4 $19 {war auch verloren}) 35... Kh7
{( -> ...Th3). Schwarz steht klar auf Gewinn.} 36. Re2 Rh3 {[%cal Rh3h1]} 37.
Ke1 Qg1+ 38. Kd2 Qb1 {[%csl Gb1][%cal Rh3d3]} 39. Re3 Qb2+ 40. Kd3 Qxb3+ 41.
Ke2 Qc4+ 42. Kd2 Qxd4+ 43. Ke2 Qc4+ 44. Kd2 Rh1 0-1

[Event "MTV Ingolstadt 1-SK Freising 1"]
[Site "?"]
[Date "2024.10.06"]
[Round "1.2"]
[White "Glawe, Ralf"]
[Black "Brand, Leonhard"]
[Result "0-1"]
[WhiteElo "2003"]
[BlackElo "2046"]
[Annotator "Stockfish 17"]
[PlyCount "108"]
[EventDate "2024.??.??"]
[WhiteTeam "MTV Ingolstadt 1"]
[BlackTeam "SK Freising 1"]

{[%evp 23,108,9,9,0,7,10,13,0,0,0,5,5,4,1,7,-28,15,-22,23,-6,0,0,230,230,229,
223,225,222,221,221,213,-50,-39,-66,-85,-114,-90,-222,-234,-186,-117,-117,-153,
-344,-332,-331,-324,-328,-266,-279,-249,-349,-343,-343,-330,-449,-449,-450,
-436,-446,-421,-463,-465,-467,-462,-465,-429,-474,-464,-461,-459,-461,-459,
-511,-489,-570,-587,-573,-568,-535,-541,-602,-566,-1328,-547,-1135,-1591]} 1.
e4 e6 2. d4 d5 3. Nd2 c5 4. exd5 Qxd5 (4... exd5 5. Ngf3 Nc6 6. Bb5 Bd6 7. dxc5
Bxc5 8. O-O Nge7 {ist auch eine sehr gängige Variante}) 5. Ngf3 cxd4 6. Bc4
Qd6 7. O-O Nf6 8. Nb3 Nc6 9. Nfxd4 {selten gespielt} (9. Nbxd4 Nxd4 10. Nxd4 a6
11. Re1 {folgt einer vielgespielten Variante}) 9... Nxd4 10. Nxd4 Be7 (10... a6
11. Re1 Qc7 12. Bb3 {ist auch noch gut bekannt}) 11. c3 O-O 12. Qf3 Qc7 (12...
a6 13. Re1 Qc7 14. Bd3 Rd8 15. Bg5 Nd5 {Kudrin,S-Tao,T Moscow olm 1994}) 13.
Bb3 a5 (13... Bd7 14. Re1 Bd6 15. h3 e5 16. Nc2 Bc6 17. Qg3 Kh8 18. Qh4 Nd5 {
Tiviakov,S-Makarov,M 1/2 Podolsk 1992}) 14. a4 Bd7 15. Re1 Qb6 16. Bg5 Bc6 17.
Qh3 Nd5 {[#]} 18. Bc2 $1 {[%csl Gc2][%cal Rh3h7]} (18. Bxe7 Nxe7 19. Bc2 g6 20.
Rab1 $11) 18... g6 19. Bh6 Rfe8 20. Rab1 Bf8 (20... Bc5 $5 {[%cal Re6e5]} 21.
Qh4 Bxd4 22. cxd4 Rac8 $11) 21. Nf3 Bg7 22. Ne5 {Und Lxg7 würde nun gewinnen.}
Rad8 $2 (22... Qc7 $11 23. Bxg7 Kxg7) 23. Bxg7 $18 Kxg7 {[#]} 24. Nxf7 $1 {
[%mdl 512] Schwarz muss nun Sg5 beachten.} Nf4 (24... Kxf7 25. Qxh7+ Kf8 26.
Bxg6 Qc7 27. Qh3 $18) 25. Qh6+ Kxf7 26. Qxf4+ (26. Qxh7+ $143 Kf6 $11) 26...
Kg8 {Weiss sollte ...Tf8 verhindern.} 27. h4 $2 {vergibt erst den Sieg und
stolpert dann in den Verlust} (27. Qg3 $142 $18 Re7 28. Re2) 27... Rf8 $15 28.
Qe3 (28. Qg3 Rd2 29. Bxg6 Rfxf2 30. Be4+ Kf7 31. Kh1 Rxg2 32. Qf4+ Ke7 33. Bxg2
Rxg2 34. Re4 $11) 28... Qxe3 29. Rxe3 Rd2 $40 {[%csl LRc2,LRf2][%mdl 192]
Doppelangriff. Schwarz riecht Blut.} 30. Bb3 $2 (30. Be4 Bxe4 31. Rxe4 Rfxf2
32. g4 $15 {war noch im Remisbereich}) 30... Rfxf2 $19 {in wenigen Zügen hat
sich die Stellung gedreht} 31. Bxe6+ Kg7 (31... Kf8 $19 32. Rf1 Rxf1+ 33. Kxf1
Rxb2) 32. Bh3 $17 Bxg2 33. Bxg2 $2 (33. b4 {war die einzige Chance.} Bd5 34.
Bf1 $19) 33... Rxg2+ {[%mdl 4096] Endspiel KTT-KTT} 34. Kf1 Rh2 {[%cal Rh2h1]}
(34... Rxb2 $2 35. Rxb2 Rxb2 36. Re5 $17) 35. Kg1 Rdg2+ ({Schwächer ist} 35...
Rxb2 36. Rxb2 Rxb2 37. h5 $17) (35... Rxh4 36. Re7+ Kh6 37. Rxb7 $17) 36. Kf1
Rg4 {Droht ...Th1+ und aus.} (36... Rc2 37. Kg1 Rcg2+ 38. Kf1 Rd2 39. Kg1 b6
$19) 37. Rbe1 (37. Rd1 $142 Rf4+ 38. Ke1) 37... Rf4+ $19 (37... Rxb2 $2 38. Re4
$17) ({Nicht} 37... Rxa4 38. Re7+ Kf6 39. Rxb7 $17) 38. Kg1 Rxb2 39. h5 Rg4+ {
Schwarz steht klar auf Gewinn.} 40. Kf1 Rf4+ 41. Kg1 Rxa4 42. hxg6 hxg6 43.
Re7+ Kh6 44. Re8 Rc4 45. R1e3 a4 46. Ra8 b5 47. Rg3 Rc6 48. Ra5 Rd6 {[%cal
Rd6d1]} 49. Rf3 Rd1+ 50. Rf1 Rxf1+ 51. Kxf1 g5 52. c4 bxc4 {[%cal Bb5c4,Bc4c3]
[%mdl 32] ...c3 ist eine echte Drohung.} 53. Rxa4 c3 54. Ke1 Rb1+ 0-1

[Event "MTV Ingolstadt 1-SK Freising 1"]
[Site "?"]
[Date "2024.10.06"]
[Round "1.3"]
[White "Bauer, Robert"]
[Black "Eichschmied, Patrick"]
[Result "1/2-1/2"]
[WhiteElo "2094"]
[BlackElo "1982"]
[Annotator "Stockfish 17"]
[PlyCount "55"]
[EventDate "2024.??.??"]
[WhiteTeam "SK Freising 1"]
[BlackTeam "MTV Ingolstadt 1"]

{[%evp 35,55,58,59,55,66,52,55,54,101,50,81,82,72,82,80,88,109,43,80,46,58,28]
} 1. e4 e5 2. Nf3 Nc6 3. Bb5 a6 4. Ba4 Nf6 5. O-O Be7 6. Re1 b5 7. Bb3 d6 8. c3
O-O 9. h3 Nb8 10. d4 Nbd7 11. Nbd2 {[%cal Bb1d2,Bd2f1,Bf1g3][%mdl 32]} Bb7 12.
Bc2 Re8 13. Nf1 Bf8 14. Ng3 g6 15. a4 c5 16. d5 c4 17. Bg5 h6 18. Be3 Nc5 {
das ist alles aus vielen Partien bekannt} 19. Nd2 (19. Qd2 h5 20. Bg5 Be7 21.
Bh6 Nh7 22. Ra3 Rb8 {Dorfman,J-Van der Sterren,P Escaldes zt 1998}) 19... Nfd7
20. Qg4 (20. axb5 axb5 21. b3 cxb3 22. Nxb3 Nxb3 23. Bxb3 Qc7 24. Qd2 {
Dolmatov,S-Psakhis,L Rostov 1993}) 20... Bg7 21. Qe2 Nb6 {[%cal Rc5a4]} 22. f3
Ncxa4 23. Bxa4 Nxa4 24. Nxc4 Rc8 25. Na3 Qc7 26. Qf2 (26. Qc2 $16) 26... Kh7
27. Red1 Qd7 28. Qe2 1/2-1/2

[Event "MTV Ingolstadt 1-SK Freising 1"]
[Site "?"]
[Date "2024.10.06"]
[Round "1.4"]
[White "Holgert, Michael"]
[Black "Gruettner, Ralf"]
[Result "1/2-1/2"]
[WhiteElo "2004"]
[BlackElo "2035"]
[Annotator "Stockfish 17"]
[PlyCount "91"]
[EventDate "2024.??.??"]
[WhiteTeam "MTV Ingolstadt 1"]
[BlackTeam "SK Freising 1"]

{[%evp 11,91,43,43,28,81,12,33,39,144,66,69,54,179,166,160,169,185,186,381,379,
374,379,361,367,365,377,413,319,459,464,467,422,393,321,324,314,311,60,51,51,
63,61,60,6,4,-1,0,0,0,0,1,0,1,0,0,0,0,0,0,0,0,0,0,0,0,0,0,0,0,0,0,0,0,0,0,0,0,
0,0,0,3,0]} 1. d4 Nf6 2. Nf3 c5 3. d5 d6 4. Nc3 g6 5. e4 Bg7 6. h3 (6. Be2 O-O
7. O-O Na6 8. Bf4 Nc7 9. a4 b6 {kommt oft vor}) (6. Bc4 O-O 7. O-O Na6 8. a4
Nc7 9. Bg5 $14 {ist ein guter Aufbau}) 6... O-O 7. Bf4 Re8 (7... b5 8. Bxb5
Nxe4 9. Nxe4 Qa5+ 10. Nc3 Bxc3+ 11. bxc3 Qxb5 12. Bh6 $6 (12. Nd2 c4 13. Qf3
$11) 12... Re8 $15 {Rudenkov - Zlotnik URS 1962}) 8. Qd2 (8. a4 $16) 8... Bd7
9. a4 Na6 $6 (9... Qb6 $142 $14) 10. Bc4 (10. Be2 $142 $16 Nc7 11. O-O) 10...
Nc7 $14 11. O-O a6 $2 (11... e5 $1 $14) 12. e5 $36 {[%mdl 2048] Weiss ist am
Drücker.} dxe5 13. Nxe5 {mit großem Vorteil} ({Jedoch nicht} 13. Bxe5 $6 b5
$14) 13... b5 {[#]} 14. Nxf7 $1 {[%mdl 512]} Kxf7 (14... Qc8 {war einen
Versuch wert.}) 15. Bxc7 {Weiß sollte klar gewinnen} Qc8 16. axb5 axb5 17.
Rxa8 Qxa8 18. Nxb5 Kg8 19. Re1 Kh8 (19... Qb7 $142) 20. Be5 Qb7 21. Nc3 (21.
Nc7 $1 Rf8 (21... Rc8 $4 22. Ba6 $18) 22. Qe3 Qb4 23. b3 {ist leicht gewonnen})
21... Qxb2 22. Nb5 (22. Rb1 Qa3 23. d6 $18) 22... Qb4 23. Qxb4 cxb4 24. Rb1 $2
{vergibt viel Vorteil. Der Weiße hat seine Vorteile schlecht verwaltet} (24.
Nc7 $18 Rc8 25. Bb3) 24... Rc8 $14 {[%cal Rc8c4]} 25. Rxb4 {[#] Droht stark
Sa7.} Bxb5 26. Bxb5 {Und weiter mit Lc6 wäre nett.} Rxc2 27. Bxf6 $11 {
mit Ausgleich} (27. Ra4 {scheint wilder zu sein.} Rc1+ 28. Bf1 Ng8 29. Bf4 Rd1
30. g4) 27... Bxf6 {[%mdl 4096] Endspiel KTL-KTL.} 28. Re4 Rd2 29. Bc4 Rd4 30.
Rxd4 Bxd4 $11 {KL-KL} 31. Kf1 Kg7 32. Ke2 Kf6 33. f4 h6 34. Kd3 Bc5 35. Ke4 g5
36. fxg5+ hxg5 37. Be2 Bd6 38. Bg4 Bc5 39. Be6 Bd6 40. Bd7 Bc5 41. Bc8 Bd6 42.
Be6 Bc5 43. Kf3 Bb4 44. Kg4 Bc5 45. g3 Bb4 46. h4 1/2-1/2

[Event "MTV Ingolstadt 1-SK Freising 1"]
[Site "?"]
[Date "2024.10.06"]
[Round "1.5"]
[White "Paul, Franz Xaver"]
[Black "Vollnhals, Michael"]
[Result "0-1"]
[WhiteElo "1827"]
[BlackElo "2039"]
[Annotator "Stockfish 17"]
[PlyCount "70"]
[EventDate "2024.??.??"]
[WhiteTeam "SK Freising 1"]
[BlackTeam "MTV Ingolstadt 1"]

{[%evp 9,70,-37,0,-1,26,-1,2,-43,4,-167,-119,-146,-136,-173,-171,-252,-245,
-229,-235,-250,-244,-330,-342,-330,-316,-315,-310,-398,-382,-383,-359,-329,
-281,-285,-284,-349,-226,-377,-366,-363,-236,-239,-246,-210,-166,-411,-357,
-384,-314,-311,-315,-371,-370,-372,-370,-366,-358,-348,-353,-368,-293,-290,
-242]} 1. e4 e6 2. c4 d5 3. cxd5 exd5 4. Qb3 c6 5. d3 (5. Nc3 dxe4 6. Bc4 Qe7
7. d3 b5 8. Nxb5 cxb5 9. Bd5 Be6 10. Qxb5+ Bd7 11. Qb7 Qb4+ 12. Bd2 Qxb7 13.
Bxb7 Bc6 {Roeder,Fr-Wimmer,H 1/2 (18) Bayern-ch 1987}) 5... dxe4 6. dxe4 Nd7 7.
Nc3 Ngf6 8. Bg5 (8. Be2 {scheint wilder zu sein.} Qb6 9. Qc2 Bc5 10. Nh3 Ne5
11. O-O) 8... Bc5 {[#] ...Lxf2+! ist eine echte Drohung.} (8... h6 {hält die
Spannung aufrecht.} 9. Bf4 Nc5 10. Qc2 Qa5 11. O-O-O Be6) 9. f4 $2 (9. Nf3 $11
{und Weiss steht sicher.}) 9... Qb6 (9... Qa5 $1 10. O-O-O O-O $19) 10. Qxb6
axb6 11. e5 Ng4 12. Ne4 (12. Nf3 {war nötig.}) 12... Bb4+ $19 13. Ke2 f6 14.
exf6 Ndxf6 15. Nxf6+ gxf6 (15... Nxf6 $2 16. Bxf6 gxf6 17. a3 $17) 16. Bh4 Kf7
{[#] zielt auf ...Te8+ ab.} 17. Kf3 Re8 {[%csl Gg4][%cal Re8e3] Weiß könnte
schon aufgeben} 18. Bc4+ Kg7 {[%csl Gg4][%cal Re8e3]} 19. Bf2 b5 20. Bb3 Nxf2
21. Kxf2 c5 22. Bd1 Bd2 23. g3 Be3+ $19 24. Kg2 Be6 25. Nf3 Bd5 26. Re1 Bd4 {
Und weiter mit ...Txe1 wäre nett.} 27. Bb3 $2 (27. Rxe8 {einziger Zug.} Rxe8
28. Kh3) 27... Bc6 (27... c4 28. Bc2 Bxb2 $19) 28. Rad1 Bxb2 29. Rxe8 Rxe8 30.
Bd5 Rd8 31. Bb3 Rxd1 32. Bxd1 Bd5 33. Bb3 c4 34. Bc2 c3 35. Kf2 {Wenn Weiss
jetzt Zeit für Sd4 hätte...} Ba3 0-1

[Event "MTV Ingolstadt 1-SK Freising 1"]
[Site "?"]
[Date "2024.10.06"]
[Round "1.6"]
[White "Freundorfer, Josef"]
[Black "Mujdzic, Emir"]
[Result "1/2-1/2"]
[WhiteElo "2009"]
[BlackElo "1722"]
[Annotator "Stockfish 17"]
[PlyCount "126"]
[EventDate "2024.??.??"]
[WhiteTeam "MTV Ingolstadt 1"]
[BlackTeam "SK Freising 1"]

{[%evp 16,126,0,-10,17,17,17,19,19,19,18,19,19,11,11,2,20,21,19,17,45,47,110,
103,133,127,216,199,220,169,235,227,239,230,351,251,454,410,427,381,401,374,
395,277,269,260,277,262,313,298,294,291,355,307,330,281,338,339,312,326,320,
311,362,301,373,316,327,293,295,301,291,301,323,282,304,285,317,294,289,301,
328,231,203,208,264,255,249,251,254,250,253,248,240,225,202,111,85,56,58,60,
275,219,185,72,41,0,33,32,53,0,0,0,11]} 1. d4 d5 2. Nc3 Nf6 3. Bg5 Nbd7 4. Nf3
e6 5. e4 dxe4 6. Nxe4 Be7 7. Bxf6 Nxf6 8. Bd3 O-O 9. O-O Bd7 10. Ne5 Bc6 11.
Nxc6 bxc6 12. c3 a5 13. Qe2 Qd5 14. Rfd1 Rab8 15. b3 Nxe4 16. Bxe4 Qb5 17. Bd3
$36 {[%mdl 2048] Weiss kämpft um Vorteil.} Qg5 $6 (17... Qd5 18. Be4 Qb5 19.
c4 Qa6 20. Qf3 $11) 18. Qe4 {[%csl Gd3][%cal Re4h7]} Qh6 $6 (18... g6 $14) 19.
Qxc6 $16 Bd6 20. g3 g5 $2 {Schwarz spielt mit dem Feuer} (20... Qg5 $16 21. Bc4
g6) 21. Re1 (21. c4 {mit sehr guten Erfolgschancen}) 21... Rbe8 22. Bc4 Re7 (
22... Qf6 $142 23. Bd3 Rb8) 23. Re2 $18 Kh8 24. Rae1 Rg8 25. Bd3 f5 $2 {[#]} (
25... Rf8 26. f3 Qh3) 26. Bxf5 $1 {[%mdl 512]} (26. c4 Bb4 27. Rxe6 $18 {
mit leichtem Sieg}) 26... Rge8 27. Bd3 Qg7 28. Qe4 e5 {Schwarz hofft, mit ...
exd4 fortzusetzen.} 29. d5 Rf8 30. Qg4 Ref7 31. Be4 Bc5 {[%cal Rc5f2]} 32. Rf1
Rf6 33. Kg2 Be7 34. h3 Qf7 35. f3 Rg8 36. Qd7 Bd6 37. Qxf7 Rxf7 38. g4 Rb8 39.
Rb2 Rb5 40. Kg3 Be7 41. Rd1 Rf8 42. Kf2 Kg7 43. Ke2 h6 44. Bf5 Rd8 45. Rbd2
Rdb8 46. Ke3 Kf6 47. Rd3 Bc5+ 48. Ke4 Rb4+ 49. c4 a4 {[%cal Ra4b3]} 50. d6 cxd6
51. Rxd6+ Bxd6 52. Rxd6+ {[%mdl 4096] Endspiel KTT-KTL} Kg7 53. Kxe5 axb3 54.
axb3 Rxb3 {[#]} 55. Rd7+ ({Besser ist} 55. Be4 $1 $18) 55... Kf8 $16 56. Be4 {
Droht c5 und aus.} Rc8 57. Bd5 {Droht stark Tf7+.} Re8+ $2 (57... Rb6 $1 $14)
58. Kf5 {Schwarz muss nun Tf7+ beachten.} Re7 {[#]} 59. Rd8+ (59. Rd6 $1 $18 {
und der Rest ist Schweigen.}) 59... Kg7 60. Rd6 {ein Sieg ist in weiter Ferne}
Rb8 {( -> ...Tf8+)} 61. Rg6+ Kh7 62. Rf6 (62. Re6 $5 {[%cal Re6e7]} Rc7 63. Ke5
$14) 62... Rbe8 {[%csl Ge8][%cal Re7e5]} 63. Be6 Kg7 1/2-1/2

[Event "MTV Ingolstadt 1-SK Freising 1"]
[Site "?"]
[Date "2024.10.06"]
[Round "1.7"]
[White "Trapp, Robert"]
[Black "Muharemagic, Asim"]
[Result "1/2-1/2"]
[WhiteElo "1853"]
[BlackElo "1946"]
[Annotator "Stockfish 17"]
[PlyCount "31"]
[EventDate "2024.??.??"]
[WhiteTeam "SK Freising 1"]
[BlackTeam "MTV Ingolstadt 1"]

{[%evp 11,31,-16,35,40,42,36,42,36,32,43,86,23,29,35,128,83,155,154,171,79,85,
0]} 1. d4 Nf6 2. e3 g6 3. f4 Bg7 4. Nf3 O-O 5. Bd3 d6 6. O-O Nbd7 7. f5 e5 {
zielt auf ...e4 ab.} 8. fxe6 fxe6 9. e4 c5 10. c3 e5 11. Qb3+ (11. dxe5 $16
Nxe5 12. Nxe5 dxe5 13. Bc4+ Kh8 14. Qxd8 Rxd8 15. Bg5) 11... Kh8 $11 12. Ng5
$36 {[%mdl 2048] Und weiter mit Se6 wäre nett. Weiss hat Initiative.} Qe7 ({
Besser ist} 12... exd4 $14 13. Ne6 Qe7) 13. Ne6 (13. Qe6 Ng8 14. Qxe7 Nxe7 15.
d5 $16) 13... Rf7 {[#]} (13... Re8 $142) 14. Ng5 $1 $16 {[%cal Rg5f7]} Rf8 {[#]
} 15. Ne6 (15. Qe6 $1 $18 {[%cal Re6e7] ist viel giftiger.} Qxe6 16. Nxe6)
15... Rf7 16. Ng5 ({Lieber} 16. Nd2 $16) 1/2-1/2

[Event "MTV Ingolstadt 1-SK Freising 1"]
[Site "?"]
[Date "2024.10.06"]
[Round "1.8"]
[White "Doan, Duc Trung"]
[Black "Boehm, Bruno"]
[Result "1/2-1/2"]
[WhiteElo "1772"]
[BlackElo "1699"]
[Annotator "Stockfish 17"]
[PlyCount "48"]
[EventDate "2024.??.??"]
[WhiteTeam "MTV Ingolstadt 1"]
[BlackTeam "SK Freising 1"]

{[%evp 14,48,-11,-5,79,68,57,37,98,40,40,37,73,4,18,2,1,-3,1,-41,-43,-49,-18,
-89,-9,-51,23,-53,0,-55,-45,-94,-35,-28,0,-24,-17]} 1. e4 c5 2. c3 Nf6 3. e5
Nd5 4. Nf3 d6 5. d4 cxd4 6. cxd4 e6 7. Nc3 Nxc3 8. bxc3 Bd7 (8... Qc7 $11 {
hält das Gleichgewicht.}) 9. Bd3 $14 Bc6 10. Bf4 Be7 (10... Nd7 $14) 11. Qe2
Qc7 {[#] Und ...Lxf3 würde nun gewinnen.} 12. O-O O-O 13. exd6 Bxd6 $11 14.
Bxd6 Qxd6 15. Ng5 g6 16. f4 Nd7 17. Rae1 Rad8 18. Ne4 (18. Qg4 $11) 18... Qd5 (
18... Bxe4 $142 $17 19. Bxe4 (19. Qxe4 Rc8 $15) 19... Rc8) 19. Rf2 Rde8 20. Rf3
({Lieber} 20. Qd2 $11) 20... Qh5 (20... Qa5 $5 {[%cal Rf7f5]}) 21. Qe3 Qa5 22.
Bc4 Qc7 {[#] ...Lxe4 ist eine echte Drohung.} 23. Bb3 a6 24. Rh3 Bxe4 1/2-1/2

[Event "SC Groebenzell 2-SK Landau-Dingolfing 1"]
[Site "?"]
[Date "2024.10.20"]
[Round "2.2"]
[White "Heinisch, Niklas"]
[Black "Popp, Michael"]
[Result "1-0"]
[WhiteElo "2010"]
[BlackElo "1973"]
[Annotator "Stockfish 17"]
[PlyCount "33"]
[EventDate "2024.??.??"]
[WhiteTeam "SC Gröbenzell 2"]
[BlackTeam "SK Landau-Dingolfing 1"]

{[%evp 9,33,-18,6,-18,-19,-14,-9,-16,-13,-67,-67,-102,-92,-190,-199,-214,-213,
-199,-130,-227,-60,-48,452,426,721,730]} 1. c4 e5 2. Nc3 Bb4 3. g3 Bxc3 4. dxc3
Nc6 5. e4 Nge7 6. f3 d6 7. Nh3 O-O 8. Nf2 f5 9. Bd3 $6 (9. exf5 Bxf5 10. Bg2
$11) 9... f4 10. Qe2 (10. c5 Be6 11. cxd6 cxd6 $15) 10... Ng6 11. c5 $2 {
vorhin war dieser Zug noch gut, jetzt nicht} (11. Qf1 $17) 11... dxc5 $19 12.
Bc4+ Kh8 13. Bd2 Qf6 {- 2.00} (13... Na5 $142 $19 14. O-O-O Nxc4 15. Qxc4 b6
16. gxf4 exf4) 14. O-O-O (14. Bd5 $17 {kämpft weiter.}) 14... fxg3 $2 {
vergibt den Vorteil} (14... Na5 $142 $19 15. gxf4 Nxf4 16. Bxf4 Qxf4+ 17. Kb1
b6) 15. hxg3 $11 {Droht stark Txh7+!} Be6 $2 {[%mdl 8192] [#]} (15... Qxf3 $15
{behält die Oberhand.} 16. Rxh7+ Kxh7 17. Rh1+ Nh4 18. Rxh4+ Kg6 19. Qe1 Bd7
20. Be2 Qxg3 21. Rh1 Rxf2 $11 {bleibt im Lot}) 16. Ng4 $1 $18 {[%cal Rg4f6]}
Qf7 {[#]} (16... Bxg4 $142 17. Qh2 Nh4 18. fxg4 $19 {ist auch gewonnen}) 17.
Qh2 $1 {[%csl Gh1][%cal Rh2h7]} 1-0

[Event "SC Groebenzell 2-SK Landau-Dingolfing 1"]
[Site "?"]
[Date "2024.10.20"]
[Round "2.3"]
[White "Schultes, Christoph"]
[Black "Stocker, Rupert"]
[Result "1/2-1/2"]
[WhiteElo "1973"]
[BlackElo "1982"]
[Annotator "Stzockfish 17"]
[PlyCount "68"]
[EventDate "2024.??.??"]
[WhiteTeam "SK Landau-Dingolfing 1"]
[BlackTeam "SC Gröbenzell 2"]

{[%evp 12,68,43,32,41,29,79,37,28,25,80,79,140,99,96,81,77,70,97,33,36,42,40,
38,53,38,80,76,109,103,94,98,99,82,85,89,75,64,86,85,85,45,74,48,53,43,49,40,
42,40,51,43,59,35,58,37,40,0,42]} 1. d4 e6 2. Nf3 b5 3. e3 (3. e4 $142 $1 Bb7
4. Nbd2 a6 5. Bd3 (5. a4 $1 b4 6. Bd3 $16) 5... d6 6. O-O Nd7 7. c3 {Zhu
Chen-Spasski,B Hostdans Veterans-Women 1997}) 3... a6 4. Nbd2 Nf6 5. Bd3 Bb7 6.
b3 Be7 7. Bb2 O-O 8. O-O d6 9. a4 b4 10. e4 c5 11. dxc5 dxc5 $6 (11... d5 $142)
12. Qe2 Nc6 13. Rad1 Qc7 14. Nc4 Rfd8 15. Bxf6 $6 (15. h4 $16) 15... Bxf6 $14
16. e5 Be7 17. Be4 Rab8 18. Rfe1 Na5 $6 19. Nxa5 Qxa5 20. Bxb7 Rxb7 21. Rxd8+
Bxd8 22. Nd2 (22. Rd1 Be7 23. h4 $16) 22... Rd7 23. Nc4 Qc7 24. Rd1 Be7 25.
Rxd7 Qxd7 26. Qd3 Qc6 27. f4 g6 28. Nd6 Kf8 {Weiss sollte ...Lxd6 verhindern.}
29. Ne4 h5 30. Kf2 Ke8 31. Qf3 {[#] Und weiter mit Sf6+ wäre nett.} Qd5 32.
Qd3 Qc6 33. Ke2 Kf8 34. Kf2 Ke8 1/2-1/2

[Event "SC Groebenzell 2-SK Landau-Dingolfing 1"]
[Site "?"]
[Date "2024.10.20"]
[Round "2.4"]
[White "Seifert, Werner"]
[Black "Hirtreiter, Alexander"]
[Result "1-0"]
[WhiteElo "1904"]
[BlackElo "1911"]
[Annotator "Stockfish 17"]
[PlyCount "107"]
[EventDate "2024.??.??"]
[WhiteTeam "SC Gröbenzell 2"]
[BlackTeam "SK Landau-Dingolfing 1"]

{[%evp 16,107,25,26,72,48,67,36,131,130,88,71,104,124,123,92,102,71,77,46,126,
76,73,28,27,-35,29,-111,69,-51,58,16,71,72,153,58,239,236,226,159,168,29,24,24,
30,25,63,0,0,0,9,-51,0,0,13,0,246,244,242,255,248,213,213,222,346,312,395,407,
396,402,402,389,400,354,396,155,372,382,378,374,528,527,515,501,594,481,539,
498,496,467,29984,29985,1319,1212]} 1. e4 e5 2. Nf3 Nc6 3. d4 exd4 4. Nxd4 Qh4
5. Nb5 Qxe4+ (5... Bb4+ 6. Bd2 Qxe4+ 7. Be2 Kd8 8. O-O Bxd2 9. Nxd2 Qe5 10. Re1
Nf6 11. Bc4 Qf5 12. Nf3 Qc5 13. Qd3 {Sveshnikov,E-Sermek,D Bled op 1994}) 6.
Be2 Bb4+ 7. Bd2 Kd8 (7... Qxg2 8. Bf3 Bxd2+ 9. Nxd2 Qh3 10. Bxc6 $18 {
Gallagher,J-Costa,J Bern 1991} (10. Nxc7+ Kd8 11. Nxa8 Nf6 12. Nc4 Re8+ 13. Ne3
$18)) 8. O-O Bxd2 9. Nxd2 Qb4 10. Nb3 $44 {[%mdl 1024]} Nf6 11. a3 Qf8 $6 (
11... Qf4 $14) 12. Re1 a6 13. Nc3 (13. N5d4 {ist vielschichtiger.} Qd6 14.
Nxc6+ bxc6 15. Qc1 a5 16. Qg5) 13... d6 14. Bf3 Bd7 15. Nd5 Nxd5 16. Bxd5 Kc8
17. Qf3 Nd8 ({Lieber} 17... f5 $14) 18. c4 c6 19. Be4 f5 20. Bd3 (20. Bc2 $11)
20... Qf6 (20... c5 $1 $15) 21. Re2 (21. c5 $11) 21... g5 $6 (21... c5 $17) 22.
Rae1 (22. c5 $14) 22... f4 (22... c5 $15) 23. Qe4 g4 24. Qe7 Qh6 $6 {[#]} (
24... Qxe7 $142 25. Rxe7 c5) 25. Nd4 ({Günstiger ist} 25. c5 $1 $16) 25... g3
$2 (25... Re8 $14 26. Qxh7 Qxh7 27. Bxh7 Rf8) 26. fxg3 $18 ({Jedoch nicht} 26.
hxg3 $6 fxg3 27. fxg3 Re8) 26... fxg3 27. h3 {Lf5 ist eine echte Drohung.} (27.
hxg3 $1 Re8 28. Qh4 $18) 27... Re8 {[#]} 28. Nf5 (28. Qxh7 $142 Rxe2 29. Qxh6
Rxe1+ 30. Bf1 $16) 28... Rxe7 $11 29. Nxh6 Rxe2 30. Rxe2 Ne6 31. Re3 ({Besser
ist} 31. Bf5 $14 Ng7 {[#]} 32. Re7 $1 Nxf5 33. Nxf5) 31... Kc7 32. Rxg3 Rf8 33.
Ng8 Rf7 (33... Nf4 {ist interessant.} 34. Bf1 Ng6 35. Nh6 b5 36. Rf3 Rxf3 37.
gxf3 c5) 34. Nh6 Re7 35. Re3 Kd8 $2 (35... Rg7 $11) 36. Nf5 $1 $18 {[%csl LRd6,
LRe7][%mdl 64] Doppelangriff} Rf7 37. Nxd6 {[%mdl 64] Doppelangriff} Rg7 38.
Nxb7+ Kc7 39. Na5 Nc5 (39... Rg5 $142) 40. Bc2 Kb6 41. b4 Ne6 42. c5+ Kc7 43.
Kf2 Nf4 44. g4 h5 45. Bd1 (45. Rf3 $18 {ist viel giftiger.}) 45... h4 $2 (45...
Nd5 $16 {war angesagt.}) 46. Bb3 Rg6 47. Rf3 Rf6 (47... Ne6 $142 48. Kg2 Rg7)
48. Ke3 Ng2+ 49. Ke4 Rg6 50. Rf2 Bxg4 51. hxg4 Rxg4+ 52. Kf3 h3 (52... Rg3+ $18
53. Ke2 Kd7) 53. Kxg4 h2 54. Rf7+ 1-0